01010 a2200229 4500003000500000005001700005010001700022020003900039040000900078082001000087100002400097245010300121260006900224300001100293490002500304505033500329650002500664650002500689650002900714650002600743651001100769Nust20170207154044.0 a 2008053934 a9780470061114 (cloth : alk. paper) cNust00a332.61 aDiderich, Claude G.10aPositive alpha generation :designing sound investment processes -(E-BOOK)cDr. Claude G. Diderich. aChichester, England ;aHoboken, NJ :bJohn Wiley & Sons,cc2008. ap. cm.0 aWiley finance series aPart I The Value Chain of Active Investment Management (Page-9),Part II Forecasting Markets (Page-35),Part III Risk Measurement and Management (Page-91),Part IV Portfolio Construction (Page-147),Part V Portfolio Implementation (Page-195),Part VI Investment Products and Solutions (Page-231),Part VII Quality Management (Page-303). 0aInvestment advisors. 0aInvestment analysis. 0aInvestmentsxManagement. 0aPortfolio management. aE-BOOK